|
|
|
|
| LEADER |
00000cam a2200000 7i4500 |
| 001 |
0000002486 |
| 005 |
20030701.0 |
| 090 |
0 |
0 |
|a 354.595001
|b PEM 1991
|
| 245 |
0 |
0 |
|a PEMBAHARUAN dan kemajuan dalam perkhidmatan awam Malaysia untuk tahun 1992
|c laporan oleh Tan Sri Dato' Seri Ahmad Sarji bin Abdul Hamid
|
| 260 |
0 |
0 |
|a Kuala Lumpur :
|b Unit Pemodenan Tadbiran Malaysia ,
|c 1991
|
| 300 |
|
|
|a xv, [769] p. :
|b ill. ;
|c 23 cm.
|
| 650 |
0 |
0 |
|a Civil service
|z Malaysia
|
| 650 |
0 |
0 |
|a Public administration
|z Malaysia
|
| 700 |
0 |
1 |
|a Ahmad Sarji bin Abdul Hamid
|f Tan Sri Dato' Seri ,
|c 1938-
|
| 710 |
1 |
1 |
|a Malaysia ,
|c Unit Pemodenan Tadbiran Malaysia
|
| 998 |
|
|
|a JPSM
|
| 999 |
|
|
|a 0000004643
|b Monograph
|c Open Shelf
|e Default branch
|